Fast Typing Chargoggagoggmanchauggagoggchaubunagungamaugg - Statistics

General Stats
  • This quiz has been taken 27,204 times
  • The average score is 29 of 46
Answer Stats
Letter Answer % Correct
C c
100%
h h
95%
a a
93%
r r
91%
g g
88%
o o
86%
g g
85%
g g
83%
a a
80%
g g
79%
o o
77%
g g
76%
g g
75%
m m
73%
a a
72%
n n
72%
c c
71%
h h
70%
a a
69%
u u
68%
g g
67%
g g
65%
a a
64%
g g
61%
o o
60%
g g
59%
g g
58%
c c
57%
h h
56%
a a
55%
u u
54%
b b
53%
u u
52%
n n
51%
a a
49%
g g
48%
u u
47%
n n
46%
g g
45%
a a
44%
m m
43%
a a
42%
g g
40%
u u
40%
g g
39%
How Many Gs are in this word? 15
16%
No matching quizzes found
Score Distribution
Percent of People with Each Score
Percentile by Number Answered
Your Score History
You have not taken this quiz